|
|
|
|
| LEADER |
00000nab a2200000 a 4500 |
| 001 |
vtls000930695 |
| 003 |
SK-MaSNL |
| 005 |
20260303193426.0 |
| 008 |
040720e20030411xo 0 slo |
| 035 |
|
|
|a KE39572
|
| 040 |
|
|
|a KEVKJB
|b slo
|c KEVKJB
|d SNKBUCL
|e AACR2
|
| 041 |
0 |
|
|a slo
|
| 044 |
|
|
|a xo
|c SK
|
| 080 |
|
|
|a 2-051
|2 1981
|
| 080 |
|
|
|a 929 Harčar, Anton
|2 1981
|
| 080 |
|
|
|a 282-051
|2 1981
|
| 100 |
1 |
|
|a Mezencev, Vladimír,
|d 1944-
|4 aut
|9 234134
|
| 245 |
1 |
0 |
|a Farár šéfoval futbalu!
|b na počítači sa rodia zaujímavé pamäti ešte zaujímavejšieho 89-ročného PhDr. Antona Harčara
|c Vladimír Mezencev
|
| 300 |
|
|
|b Fotogr.
|
| 600 |
1 |
7 |
|a Harčar, Anton,
|d 1914-2009
|2 snkbucl
|9 121419
|
| 655 |
|
7 |
|a profily
|2 snkbucl
|9 341977
|
| 773 |
0 |
8 |
|t Košický večer
|g Roč. 35, č.71 (11.4.2003), s. 1 a 14
|
| 852 |
|
|
|a ZVYKNI
|b KIS3GCP
|
| 999 |
|
|
|c 2152373
|d 2154303
|